Espèces de requin - Statistiques

Statistiques générales
  • Ce quiz a été pris 279 fois
  • Le résultat moyen est 13 sur 26
Statistiques - réponses
Par images Réponse % Correct
Requin baleine
95%
Requin marteau
94%
Grand requin blanc
86%
Requin tigre
78%
Requin citron
69%
Requin pèlerin
68%
Requin bouledogue
64%
Requin scie
64%
Requin bleu
62%
Requin renard
62%
Requin mako
58%
Requin du Groenland
55%
Requin taureau
53%
Requin lutin
52%
Requin nourrice
38%
Requin zèbre
36%
Roussette
36%
Requin à pointes noires
35%
Requin tapis
33%
Ange de mer
23%
Requin lézard
23%
Requin dormeur
20%
Requin soyeux
16%
Requin océanique
14%
Requin bordé
9%
Requin tisserand
8%
Aucun quiz correspondant
Distribution des résultats
% des personnes avec chaque résultat
Percentile par nombre de réponses
Votre historique - résultats
Vous n’avez pas pris ce quiz